|
|
|
|
| LEADER |
00000nam0a2200000 4500 |
| 001 |
82655 |
| 005 |
20231031095821.0 |
| 010 |
|
|
|a 5020132195
|
| 035 |
|
|
|a (RuTPU)RU\TPU\book\88829
|
| 090 |
|
|
|a 82655
|
| 100 |
|
|
|a 20051005d1991 k y0rusy50 ca
|
| 101 |
0 |
|
|a rus
|
| 102 |
|
|
|a RU
|
| 105 |
|
|
|a a z 000zy
|
| 200 |
1 |
|
|a Государственное управление в чрезвычайных ситуациях
|f Б. Н. Порфирьев
|g Академия Наук СССР; Всесоюзный научно-исследовательский институт системных исследований
|
| 210 |
|
|
|a Москва
|c Наука
|d 1991
|
| 215 |
|
|
|a 136 с.
|c ил.
|
| 610 |
1 |
|
|a чрезвычайные ситуации
|
| 610 |
1 |
|
|a государственное управление
|
| 610 |
1 |
|
|a природные катастрофы
|
| 610 |
1 |
|
|a технологические катастрофы
|
| 610 |
1 |
|
|a правовые основы
|
| 610 |
1 |
|
|a Западная Европа
|
| 610 |
1 |
|
|a США
|
| 686 |
|
|
|a Х621
|v LBC/SL-A
|2 rubbk
|
| 700 |
|
1 |
|a Порфирьев
|b Б. Н.
|g Борис Николаевич
|
| 712 |
0 |
2 |
|a Академия наук СССР (АН СССР)
|b Всесоюзный научно-исследовательский институт системных исследований (ВНИИСИ)
|c (Москва)
|2 stltpush
|3 (RuTPU)RU\TPU\col\259
|
| 801 |
|
1 |
|a RU
|b 63413507
|c 20051005
|g PSBO
|
| 801 |
|
2 |
|a RU
|b 63413507
|c 20091111
|g PSBO
|
| 900 |
|
|
|a Правовые основы гражданской защиты
|
| 942 |
|
|
|c BK
|